Eposé de l'administration générale et locale des finances du Royaume Uni de la Grande-Bretagne et d'Irlande... / (Record no. 28052)

MARC details
000 -LEADER
campo de control de longitud fija 00477nam a2200145 i 4500
001 - NÚMERO DE CONTROL
campo de control 28052
003 - IDENTIFICADOR DE NÚMERO DE CONTROL
campo de control ES-MaACL
007 - CAMPO FIJO DE DESCRIPCIÓN FÍSICA--INFORMACIÓN GENERAL
campo de control de longitud fija t|
008 - DATOS DE LONGITUD FIJA--INFORMACIÓN GENERAL
campo de control de longitud fija 030116s1839 fr ||||1| fre d
100 1# - ENTRADA PRINCIPAL--NOMBRE DE PERSONA
Nombre de persona Bailly, A.
9 (RLIN) 24711
245 10 - MENCIÓN DEL TÍTULO
Título Eposé de l'administration générale et locale des finances du Royaume Uni de la Grande-Bretagne et d'Irlande... /
Mención de responsabilidad, etc. par A. Bailly.
260 ## - PUBLICACIÓN, DISTRIBUCIÓN, ETC.
Lugar de publicación, distribución, etc. Paris :
Nombre del editor, distribuidor, etc. Firmin Didot Frères et Cie,
Fecha de publicación, distribución, etc. 1839.
300 ## - DESCRIPCIÓN FÍSICA
Extensión 2 v. ;
Dimensiones 21 cm.
852 ## - LOCALIZACIÓN
Ubicación ES-MaACL
Número de control de estantería G-12159-60
Holdings
Estatus retirado Estado de pérdida Estado de daño No para préstamo Colección Biblioteca de origen Biblioteca actual Ubicación en estantería Fecha de adquisición Fuente de adquisición Total de préstamos Signatura topográfica completa Código de barras Visto por última vez Precio de reemplazo Tipo de ítem Koha
        Libros del s. XIX Biblioteca del Ateneo de Madrid Biblioteca del Ateneo de Madrid Sala Pecera Planta 3 17/01/2008     G-12159-60 1028963 23/02/2023 23/02/2023 Libro impreso antiguo